Teaching techniques of Jesus / (Record no. 4893)

MARC details
000 -LEADER
fixed length control field 00883cam a2200277I 4500
001 - CONTROL NUMBER
control field 28816
003 - CONTROL NUMBER IDENTIFIER
control field GBCCL
005 - DATE AND TIME OF LATEST TRANSACTION
control field 20241126110529.0
008 - FIXED-LENGTH DATA ELEMENTS--GENERAL INFORMATION
fixed length control field 790524s1978 xx 000 0 eng d
010 ## -
-- 64016634
020 ## - INTERNATIONAL STANDARD BOOK NUMBER
International Standard Book Number 0825428041
035 ## - SYSTEM CONTROL NUMBER
System control number (OCoLC)05000972
040 ## - CATALOGING SOURCE
Original cataloging agency IOO
Transcribing agency IOO
049 ## -
-- LBBK
082 ## - DEWEY DECIMAL CLASSIFICATION NUMBER
Classification number 232.911
Item number HOR
092 ## - LOCALLY ASSIGNED DEWEY CALL NUMBER (OCLC)
Classification number 232.911
Item number H815
100 1# - MAIN ENTRY--PERSONAL NAME
Personal name Horne, Herman Harrell,
Dates associated with a name 1874-1946.
9 (RLIN) 8914
245 10 - TITLE STATEMENT
Title Teaching techniques of Jesus /
Statement of responsibility, etc. Herman Harrell Horne. Foreword by Milford F. Henkel.
260 ## - PUBLICATION, DISTRIBUTION, ETC.
Place of publication, distribution, etc. Grand Rapids, Mich. :
Name of publisher, distributor, etc. Kregel Publications,
Date of publication, distribution, etc. 1978, c1920.
300 ## - PHYSICAL DESCRIPTION
Extent xii, 212 p. ;
Dimensions 18 cm.
500 ## - GENERAL NOTE
General note Published prior to 1971 under the title : Jesus: the master teacher.
504 ## - BIBLIOGRAPHY, ETC. NOTE
Bibliography, etc. note Bibliography: p.211-212.
600 00 - SUBJECT ADDED ENTRY--PERSONAL NAME
Personal name Jesus Christ
General subdivision Teaching methods.
9 (RLIN) 8915
740 0# -
-- Jesus, the master teacher.
942 ## - ADDED ENTRY ELEMENTS (KOHA)
Source of classification or shelving scheme Dewey Decimal Classification
Koha item type Books
Koha issues (borrowed), all copies 5
Holdings
Withdrawn status Lost status Source of classification or shelving scheme Damaged status Not for loan Home library Current Library Shelving location Date acquired Total checkouts Total renewals Full call number Barcode Date last seen Date last checked out Copy number Price effective from Koha item type
    Dewey Decimal Classification     GRACE BIBLE COLLEGE GRACE BIBLE COLLEGE Theology 2018-02-13 5 1 232.911 HOR 000524 2025-05-01 2018-11-13 c.1 2018-02-13 Books
© Grace Bible College Library 2025